5HLuxD.jpg

KING HENRY VIII SENIOR AND PRIMARY SCHOOL LIBRARY OPAC

CHAMELEON'S CRAZY COLOURS (Record no. 4929)

000 -LEADER
fixed length control field 00355nam a22001217a 4500
008 - FIXED-LENGTH DATA ELEMENTS--GENERAL INFORMATION
fixed length control field 250422b ||||| |||| 00| 0 eng d
020 ## - INTERNATIONAL STANDARD BOOK NUMBER
International Standard Book Number 9781845060152
082 ## - DEWEY DECIMAL CLASSIFICATION NUMBER
Classification number 823.92 GRA
100 ## - MAIN ENTRY--PERSONAL NAME
Personal name GRANT,NICOLA
Relator term AUTHOR
245 ## - TITLE STATEMENT
Title CHAMELEON'S CRAZY COLOURS
260 ## - PUBLICATION, DISTRIBUTION, ETC.
Place of publication, distribution, etc. 1 THE CODA CENTRE,189 MUNSTER ROAD,LONDON SW6 6AW
Name of publisher, distributor, etc. LITTLE TIGER PRESS
Date of publication, distribution, etc. 2005
942 ## - ADDED ENTRY ELEMENTS (KOHA)
Source of classification or shelving scheme
Holdings
Withdrawn status Lost status Source of classification or shelving scheme Damaged status Not for loan Collection code Permanent Location Current Location Shelving location Date acquired Total Checkouts Full call number Barcode Date due Date last seen Date last checked out Price effective from Koha item type Public note
          Fiction KH8 Primary School Library KH8 Primary School Library Fiction 2025-04-22 5 823.92 GRA KHPL000006784 2026-04-21 2026-04-13 2026-04-13 2025-04-22 Books - Fiction KH8 PRIMARY LIBRARY

Powered By KH8 IT Dept